Top 5 Songs On Bandana (Freddie Gibbs, Madlib) - Statistics

General Stats
  • This quiz has been taken 5 times
  • The average score is 3 of 5
Answer Stats
Hint Answer % Correct
17,256,223 Palmolive(feat. Pusha T & Killer Mike)
100%
32,764,644 Crime Pays
80%
13,194,308 Fake Names
80%
14,423,499 Giannis(feat. Anderson .Paak)
60%
9,011,322 Half Manne Half Cocaine
20%
No matching quizzes found
Score Distribution
Percent of People with Each Score
Percentile by Number Answered
Your Score History
You have not taken this quiz